| 000 | 00745nam a22002417a 4500 | ||
|---|---|---|---|
| 003 | dpl | ||
| 005 | 20180806154706.0 | ||
| 008 | 180806b xxu||||| |||| 00| 0 eng d | ||
| 010 | _aB-217669 | ||
| 020 |
_a8188583693 _c825.00 |
||
| 035 | _aB-217669, B-217673 | ||
| 037 | _bCen Lib/Ret | ||
| 040 |
_aDPL _bEN _c0 |
||
| 082 |
_a323 _bBHA |
||
| 100 |
_aBhat, Mohd Yousuf _9106768 |
||
| 245 |
_aHuman rights : _breference manual for ugc net examination / _cby Mohd Yousuf Bhat |
||
| 260 |
_aDelhi _bReference Press _c2004 |
||
| 270 |
_a4831/24, Ansari Road, Darya Ganj _bNew Delhi _e110002 |
||
| 300 |
_a424p.: _c22cm(Hb) |
||
| 650 |
_aSocial science _9106769 |
||
| 650 |
_aHuman Rights _9106770 |
||
| 942 |
_2ddc _cEN _h323 _mBHA |
||
| 999 |
_c122947 _d122947 |
||